000 00205nam a2200085Ia 4500
008 250129s9999 xx 000 0 und d
041 _aeng
245 _aJournal of statics & Management Systems
260 _c2023
999 _c43265
_d43265